| 000 -LEADER |
| fixed length control field |
00848nam a22002177a 4500 |
| 005 - DATE AND TIME OF LATEST TRANSACTION |
| control field |
20191024161411.0 |
| 008 - FIXED-LENGTH DATA ELEMENTS--GENERAL INFORMATION |
| fixed length control field |
191024s2019 ru ||||| |||| 00| 0 rur d |
| 020 ## - INTERNATIONAL STANDARD BOOK NUMBER |
| International Standard Book Number |
9789941263064 |
| 041 ## - LANGUAGE CODE |
| Language code of text/sound track or separate title |
rur |
| 080 ## - UNIVERSAL DECIMAL CLASSIFICATION NUMBER |
| Universal Decimal Classification number |
159.9 И-80 |
| 100 ## - MAIN ENTRY--PERSONAL NAME |
| Personal name |
Иригуаен Мари-Франс |
| 9 (RLIN) |
4997 |
| 245 ## - TITLE STATEMENT |
| Title |
Моральный террор / |
| Statement of responsibility, etc. |
Мари-Франс Иригуаен ; Гл. ред : Зоя Адамия . |
| 264 ## - PRODUCTION, PUBLICATION, DISTRIBUTION, MANUFACTURE, AND COPYRIGHT NOTICE |
| Place of production, publication, distribution, manufacture |
Тбилиси : |
| Name of producer, publisher, distributor, manufacturer |
Универсал, |
| Date of production, publication, distribution, manufacture, or copyright notice |
2019. |
| 300 ## - PHYSICAL DESCRIPTION |
| Extent |
255 стр.: |
| Other physical details |
ил .; |
| Dimensions |
20 см. |
| 505 ## - FORMATTED CONTENTS NOTE |
| Formatted contents note |
библиограф : стр 248-255 |
| 653 ## - INDEX TERM--UNCONTROLLED |
| keyword |
Моральный террор |
| 653 ## - INDEX TERM--UNCONTROLLED |
| keyword |
მორალური ტერორი |
| 653 ## - INDEX TERM--UNCONTROLLED |
| keyword |
ფსიქოლოგია |
| 700 ## - ADDED ENTRY--PERSONAL NAME |
| Personal name |
Адамия, Зоя |
| Relator term |
მთავარი რედაქტორი |
| 9 (RLIN) |
4998 |
| 942 ## - ADDED ENTRY ELEMENTS (KOHA) |
| Source of classification or shelving scheme |
|
| Koha item type |
წიგნი |